000 008170am a2200229 004500
003 EG-GiCUC
008 080810s1979 ua g 000 0 ara d
040 _aEG-GiCUC
_bara
_cEG-GiCUC
043 _af-ua---
_af-----
092 0 4 _a916.2392
_bT175
_221
099 _a04
_a916.2392 T175
245 1 0 _aتقرير محافظة جنوب سيناء حاضرها...و مستقبلها
260 _aالقاهرة :
_bالمحافظة :
_c1979
300 _a58ص ؛
_c30سم
651 7 _aسيناء الجنوبية : محافظة
_xوصف و رحلات
_2qrmak
700 1 _aسيناء الجنوبية : محافظة
902 _a1
905 _aبلتاجى
_eمراجع
905 _aعبير
_eمدخل
942 _2ddc
_cBK
999 _c102153
_d102153